Rules for legal assistance to public officers (other than Police officers) and Police Officers (Record no. 397509)

000 -LEADER
fixed length control field 00366cam a22001097a 4500
008 - FIXED-LENGTH DATA ELEMENTS--GENERAL INFORMATION
fixed length control field 180718b1955 xxu||||| |||| 00| 0 eng d
082 ## - DEWEY DECIMAL CLASSIFICATION NUMBER
Classification number H603x5453 T697
100 ## - MAIN ENTRY--PERSONAL NAME
Personal name Travancore-Cochin.
245 ## - TITLE STATEMENT
Title Rules for legal assistance to public officers (other than Police officers) and Police Officers
260 ## - PUBLICATION, DISTRIBUTION, ETC.
Place of publication, distribution, etc. Trivandrum
Name of publisher, distributor, etc. Government Central Press
Date of publication, distribution, etc. 1955
300 ## - PHYSICAL DESCRIPTION
Extent 10+p
Holdings
Withdrawn status Lost status Damaged status Not for loan Permanent Location Current Location Date acquired Full call number Barcode Date last seen Price effective from Koha item type
        Indian Institute of Public Administration Indian Institute of Public Administration 2001-06-29 H603x5453 T697 28333 2018-07-21 2018-07-21 Book

Powered by Koha